5HLuxD.jpg

KING HENRY VIII SENIOR AND PRIMARY SCHOOL LIBRARY OPAC

How to read poetry like a professor : (Record no. 405)

000 -LEADER
fixed length control field 02520cam a2200409 i 4500
001 - CONTROL NUMBER
control field 20628147
003 - CONTROL NUMBER IDENTIFIER
control field OSt
005 - DATE AND TIME OF LATEST TRANSACTION
control field 20190809105546.0
008 - FIXED-LENGTH DATA ELEMENTS--GENERAL INFORMATION
fixed length control field 180813s2018 nyu b 001 0deng d
010 ## - LIBRARY OF CONGRESS CONTROL NUMBER
LC control number 2018295084
020 ## - INTERNATIONAL STANDARD BOOK NUMBER
International Standard Book Number 9780062113788 (paperback)
035 ## - SYSTEM CONTROL NUMBER
System control number (OCoLC)on1017934981
040 ## - CATALOGING SOURCE
Original cataloging agency TOH
Language of cataloging eng
Transcribing agency TOH
Description conventions rda
Modifying agency POETS
-- JRU
-- MDB
-- IK2
-- QQ3
-- YDX
-- IGA
-- OCP
-- OQX
-- JTH
-- VP@
-- IMD
-- UAB
-- IUK
-- SSH
-- NYP
-- OCLCA
-- OCLCF
-- YKC
-- DLC
042 ## - AUTHENTICATION CODE
Authentication code lccopycat
082 04 - DEWEY DECIMAL CLASSIFICATION NUMBER
Classification number 808.9 FOS
Edition number 23
100 1# - MAIN ENTRY--PERSONAL NAME
Personal name Foster, Thomas C.,
Relator term author.
245 10 - TITLE STATEMENT
Title How to read poetry like a professor :
Remainder of title a quippy and sonorous guide to verse /
Statement of responsibility, etc. Thomas C. Foster.
250 ## - EDITION STATEMENT
Edition statement First edition.
264 #1 - PRODUCTION, PUBLICATION, DISTRIBUTION, MANUFACTURE, AND COPYRIGHT NOTICE
Place of production, publication, distribution, manufacture New York, NY :
Name of producer, publisher, distributor, manufacturer Harper Perennial,
Date of production, publication, distribution, manufacture, or copyright notice [2018]
300 ## - PHYSICAL DESCRIPTION
Extent 212 pages ;
Dimensions 21 cm
336 ## - CONTENT TYPE
Content type term text
Content type code txt
Source rdacontent
337 ## - MEDIA TYPE
Media type term unmediated
Media type code n
Source rdamedia
338 ## - CARRIER TYPE
Carrier type term volume
Carrier type code nc
Source rdacarrier
504 ## - BIBLIOGRAPHY, ETC. NOTE
Bibliography, etc. note Includes bibliographical references (pages 191-193) and index.
505 0# - FORMATTED CONTENTS NOTE
Formatted contents note What is poetry? -- How is poetry? -- Why is poetry?
520 ## - SUMMARY, ETC.
Summary, etc. "No literary form is as admired and feared as poetry. Admired for its lengthy pedigree--a line of poets extending back to a time before recorded history--and a ubiquitous presence in virtually all cultures, poetry is also revered for its great beauty and the powerful emotions it evokes. But the form has also instilled trepidation in its many admirers mainly because of a lack of familiarity and knowledge. Poetry demands more from readers--intellectually, emotionally, and spiritually--than other literary forms. Most of us started out loving poetry because it filled our beloved children's books from Dr. Seuss to Robert Louis Stevenson. Eventually, our reading shifted to prose, and later when we encountered poetry again, we had no recent experience to make it feel familiar. But reading poetry doesn't need to be so overwhelming. In an entertaining and engaging voice, Thomas C. Foster shows readers how to overcome their fear of poetry and learn to enjoy it once more."--Back cover.
650 #0 - SUBJECT ADDED ENTRY--TOPICAL TERM
Topical term or geographic name entry element Poetry
General subdivision Explication.
650 #0 - SUBJECT ADDED ENTRY--TOPICAL TERM
Topical term or geographic name entry element Poetry
General subdivision Appreciation.
650 #0 - SUBJECT ADDED ENTRY--TOPICAL TERM
Topical term or geographic name entry element Poetry
General subdivision Analysis.
650 #7 - SUBJECT ADDED ENTRY--TOPICAL TERM
Topical term or geographic name entry element LITERARY CRITICISM / Poetry.
Source of heading or term bisacsh
650 #7 - SUBJECT ADDED ENTRY--TOPICAL TERM
Topical term or geographic name entry element POETRY / Subjects & Themes.
Source of heading or term bisacsh
650 #7 - SUBJECT ADDED ENTRY--TOPICAL TERM
Topical term or geographic name entry element Poetry
General subdivision Appreciation.
Source of heading or term fast
Authority record control number or standard number (OCoLC)fst01067692
650 #7 - SUBJECT ADDED ENTRY--TOPICAL TERM
Topical term or geographic name entry element Poetry
General subdivision Explication.
Source of heading or term fast
Authority record control number or standard number (OCoLC)fst01067716
906 ## - LOCAL DATA ELEMENT F, LDF (RLIN)
a 7
b cbc
c copycat
d 2
e ncip
f 20
g y-gencatlg
942 ## - ADDED ENTRY ELEMENTS (KOHA)
Source of classification or shelving scheme
Koha item type Books - Non Ficton
Holdings
Withdrawn status Lost status Source of classification or shelving scheme Damaged status Not for loan Collection code Permanent Location Current Location Shelving location Date acquired Full call number Barcode Date last seen Price effective from Koha item type
          Non-Fiction KH8 Senior School Library KH8 Senior School Library Non Fiction 2019-08-09 808.9 FOS 3KHSL000100164 2019-08-09 2019-08-09 Books - Non Ficton

Powered By KH8 IT Dept